000 00639nam a22002057a 4500
003 OSt
005 20250714031827.0
008 250714b |||||||| |||| 00| 0 eng d
020 _a9789712386503
040 _aDWCL - Main lib
_cOC
082 _aFil. 338.4 C955e 2017
100 _aCruz, Reil G.
245 _a Ecotourism/
_cReil G. Cruz
250 _a First edition.
260 _aManila, Philippines :
_b Rex Book Store,
_cc2017.
300 _a x, 172 pages :
_b illustrations ;
_c 25 cm.
504 _aIncludes bibliographical references and index.
650 _a1. Ecotourism.
942 _2ddc
_cBK - FIL
_eFirst edition.
_kFil.
_n0
999 _c3646
_d3646